Statistics for Guess the item

Click here to take the quiz!

General Stats

  • This quiz has been taken 9 times
  • The average score is 6 of 10

Answer Stats

Answer% Correct
Car
100%
Ice cream
100%
Mask
100%
Lego
88%
Shoes
75%
Gloves
63%
Jacket
50%
Food
38%
Lava lamp
13%
Toys
13%

Score Distribution

Percentile by Number Answered

Percent of People with Each Score

Your Score History

You have not taken this quiz